Statistics for Albums by Frank Zappa

Click here to take the quiz!

General Stats

  • This quiz has been taken 393 times
    (17 since last reset)
  • The average score is 37 of 127

Answer Stats

#YearAlbum% Correct
11966Freak Out!
86%
181974Apostrophe (')
79%
41968We're Only in It for the Money
79%
81969Hot Rats
71%
261979Sheik Yerbouti
71%
1152019The Hot Rats Sessions
71%
281979Joe's Garage: Act I
64%
291979Joe's Garage: Acts II & III
64%
61969Uncle Meat
64%
21967Absolutely Free
57%
111970Chunga's Revenge
57%
31967Lumpy Gravy
57%
171973Over-Nite Sensation
57%
161972The Grand Wazoo
57%
131971200 Motels
50%
1202021200 Motels 50th Anniversary Edition
50%
471986Jazz from Hell
50%
101970Weasels Ripped My Flesh
50%
341981You Are What You Is
50%
211975Bongo Fury
43%
201975One Size Fits All
43%
1272023Over-Nite Sensation 50th Anniversary Edition
43%
331981Return of the Son of Shut Up 'n Play Yer Guitar
43%
191974Roxy & Elsewhere
43%
351982Ship Arriving Too Late to Save a Drowning Witch
43%
311981Shut Up 'n Play Yer Guitar
43%
321981Shut Up 'n Play Yer Guitar Some More
43%
251979Sleep Dirt
43%
241978Studio Tan
43%
621993The Yellow Shark
43%
151972Waka/Jawaka
43%
1242022Waka/Wazoo
43%
1182020Zappa - Original Motion Picture Soundtrack
43%
221976Zoot Allures
43%
91970Burnt Weeny Sandwich
36%
421984Francesco Zappa
36%
712003Halloween
36%
411984Thing-Fish
36%
301981Tinsel Town Rebellion
36%
511988You Can't Do That on Stage Anymore, Vol. 1
36%
521988You Can't Do That on Stage Anymore, Vol. 2
36%
541989You Can't Do That on Stage Anymore, Vol. 3
36%
561991You Can't Do That on Stage Anymore, Vol. 4
36%
581992You Can't Do That on Stage Anymore, Vol. 5
36%
591992You Can't Do That on Stage Anymore, Vol. 6
36%
231978Zappa in New York
36%
371983Baby Snakes
29%
631994Civilization Phaze III
29%
51968Cruising with Ruben & the Jets
29%
121971Fillmore East - June 1971
29%
1052016Frank Zappa for President
29%
651996Läther
29%
381983London Symphony Orchestra, Vol. I
29%
481987London Symphony Orchestra, Vol. II
29%
571991Make a Jazz Noise Here
29%
71969Mothermania
29%
361983The Man from Utopia
29%
401984Them or Us
29%
611993Ahead of Their Time
21%
531988Broadway the Hard Way
21%
802007Buffalo
21%
702002FZ:OZ
21%
872010Greasy Love Songs Project/Object
21%
501988Guitar
21%
1142019Halloween 73
21%
1102017Halloween 77: The Palladium, NYC
21%
1172020Halloween 81
21%
762006Imaginary Diseases
21%
141972Just Another Band from L.A.
21%
832008One Shot Deal
21%
271979Orchestral Favorites
21%
1132019Orchestral Favorites 40th Anniversary
21%
601992Playground Psychotics
21%
922012Road Tapes, Venue 1
21%
962013Road Tapes, Venue 2
21%
1032016Road Tapes, Venue 3
21%
992014Roxy By Proxy
21%
641996The Lost Episodes
21%
1162020The Mothers 1970
21%
1212022The Mothers 1971
21%
792006Trance-Fusion
21%
822007Wazoo
21%
1232022Zappa ’75: Zagreb/Ljubljana
21%
1062016ZAPPAtite
21%
972013A Token of His Extreme
14%
391984Boulez Conducts Zappa: The Perfect Stranger
14%
912011Carnegie Hall
14%
882010Congress Shall Make No Law...
14%
1002015Dance Me This
14%
451986Does Humor Belong in Music?
14%
691999Everything Is Healing Nicely
14%
942012Finer Moments
14%
441985Frank Zappa Meets the Mothers of Prevention
14%
661996Frank Zappa Plays the Music of Frank Zappa: A Memorial Tribute
14%
892010Hammersmith Odeon
14%
671997Have I Offended Someone?
14%
982014Joe's Camouflage
14%
722004Joe's Corsage
14%
732004Joe's Domage
14%
842008Joe's Menage
14%
752005Joe's XMASage
14%
1092016Little Dots
14%
852009Lumpy Money Project/Object
14%
681998Mystery Disc
14%
862009Philly '76
14%
1042016The Crux of the Biscuit Project/Object
14%
812007The Dub Room Special!
14%
77 | 782006The MOFO Project/Object
14%
431984The Old Masters, Box I
14%
461986The Old Masters, Box II
14%
491987The Old Masters, Box III
14%
1112018The Roxy Performances
14%
1252023Zappa '80 Mudd Club/Munich
14%
1222022Zappa/Erie
14%
1122019Zappa in New York 40th Anniversary
14%
1012015200 Motels: The Suites
7%
952012Baby Snakes: The Compleat Soundtrack
7%
1082016Chicago '78
7%
902011Feeding the Monkies at Ma Maison
7%
1262023Funky Nothingness
7%
1072016Meat Light
7%
742004QuAUDIOPHILIAc
7%
1022015Roxy The Soundtrack
7%
551991The Best Band You Never Heard in Your Life
7%
932012Understanding America
7%
1192021Zappa '88: The Last U.S. Show
7%

Score Distribution

Percentile by Number Answered

Percent of People with Each Score

Your Score History

You have not taken this quiz since the last reset